Práca a mzdy príklady, chyby, vzory, súdne rozhodnutia, pojmy Aktuálny stav: august 2005

Bibliographic Details
Main Author: Barancová, Helena, 1949- (Author)
Format: Software eBook
Language:Slovak
PhysicalDescription:1 elektronický optický disk (CD-ROM) 12 cm
Published: Žilina SEPI 2005
Series:Praktik
Subjects:

MARC

LEADER 00000nam a2200000 a 4500
001 vtls008302076
003 SK-MaSNL
005 20260426014638.0
007 co cgu uuua
008 240315s2005 xo gslf 000 0 slo
015 |a SNBS2005 
040 |a SNK  |b slo  |c SNK  |e AACR2 
041 0 |a slo 
043 |a e-xo--- 
044 |a xo  |c SK 
072 7 |a 349  |x Pracovné, sociálne, stavebné právo. Právo životného prostredia  |2 konspekt 
080 |a 349.2  |2 MDT-MRF 
080 |a (437.6)  |2 MDT-MRF 
080 |a (094.5)  |2 MDT-MRF 
080 |a (0.034.44)  |2 MDT-MRF 
100 1 |a Barancová, Helena,  |d 1949-  |4 aut  |9 85515 
245 1 0 |a Práca a mzdy  |p Aktuálny stav: august 2005  |h elektronický zdroj  |b príklady, chyby, vzory, súdne rozhodnutia, pojmy  |c Helena Barancová a kol. 
260 |a Žilina  |b SEPI  |c 2005 
300 |a 1 elektronický optický disk (CD-ROM)  |c 12 cm 
490 1 |a Praktik 
500 |a CD-ROM je neoddeliteľnou súčasťou príručky 
650 0 7 |a pracovné právo  |2 SNKPH  |9 982 
651 7 |a Slovensko  |2 SNKPH  |9 14231 
655 7 |a príručky  |2 SNKPH  |9 74364 
655 7 |a zákony  |2 SNKPH  |9 70186 
655 7 |a právne predpisy  |2 SNKPH  |9 70481 
655 7 |a CD-ROM  |2 SNKPH  |9 70236 
830 0 |a Praktik  |9 295514 
999 |c 1164026  |d 1165956 
952 |a SNK  |b SNK  |y PREZ  |7 0  |p 17A0484208  |o snkSCDM 682/2005/9  |i snk2005/16754  |8 0  |0 0  |1 0  |4 0  |d 2005-10-11  |l 0  |r 2026-02-24 20:43:37  |w 2026-02-24 
952 |a SNK  |b SNK  |y PREZ  |7 0  |p 17A0484209  |o snkSCDM 682/2005/9 D1  |i snk2005/16757  |8 0  |0 0  |1 0  |4 0  |d 2005-10-11  |l 0  |r 2026-02-24 20:43:37  |w 2026-02-24